000
00298nam a2200121Ia 4500
008
191201s1988 xx 000 0 und d
100
_a
BALDERESCHI,A
245
0
_a
Epitaxial Electronic Materials
260
_a
N. Delhi
_b
World Scientific
_c
1988
300
_a
319
650
_a
Applied
942
_2
ddc
_c
BK
999
_c
611
_d
611